Philadelphia Flyers Roster - Statistics

General Stats
  • This quiz has been taken 243 times
    166 since last reset
  • The average score is 11 of 23
Answer Stats
Numbers Last name % Correct
28 Giroux
92%
93 Voracek
79%
14 Couturier
78%
11 Konecny
73%
9 Provorov
73%
17 Simmonds
68%
3 Gudas
62%
37 Elliott
59%
21 Laughton
59%
53 Gostisbehere
55%
19 Patrick
55%
12 Raffl
51%
47 MacDonald
46%
8 Hagg
44%
30 Neuvirth
41%
40 Weal
32%
15 Lehtera
31%
22 Weise
29%
23 Manning
23%
51 Filppula
20%
34 Mrazek
16%
20 Leier
11%
29 Oduya
4%
No matching quizzes found
Score Distribution
Percent of People with Each Score
Percentile by Number Answered
Your Score History
You have not taken this quiz since the last reset